000 00976cad a22002295a 4500
001 L158672
008 100701s2015 xxk f 000 0 eng d
035 _a(Sirsi) u158672
041 0 _aeng
100 1 _aMcMeeken, Roxane
245 0 0 _aWhat happens next?
_h[electronic resource]
260 _aLondon
_bRICS
_c2015
490 _aModus
_vJune 2015, 30-33(3)
520 _aRebuilding a city destroyed by conflict takes more than just bricks and mortar. It also requires surveyors of extraordinary courage, drive and vision. Focuses on the role of chartered surveyors in post-war development and the identification of investment opportunities.
590 _aKA
650 2 4 _aPOST-WAR REDEVELOPMENT
650 2 4 _aINVESTMENT POTENTIAL
651 4 _aInternational
690 _aConstruction management
_96230
856 4 8 _uhttp://web.archive.org/web/20170623233851/https://www.rics.org/uk/news/journals/modus/the-conflict-issue/
_zView archived copy here
942 _n0
_2ddc
999 _c84652
_d84652